000 00810cam a2200241 a 4500
001 000020866
005 20250523121133.0
008 100819s1978 sp d r 000 0 spa d
020 _a8427410123
020 _a8427410131
040 _aDO-SdBNP
_bspa
_cBNPHU
082 _a657.42
_bL419c, 1978
100 1 _aLawrence, W. B.
_943738
245 1 0 _aContabilidad de costos :
_bteoría y enunciados de problemas y ejercicios /
_cW.B. Lawrence; edición revisada John W. Ruswinckel; traducción Francisco Contro Malo.
246 1 _aCost accoutin
250 _a2a ed.
260 _aMéxico :
_bUteha,
_c1978.
300 _a692 p. :
_btablas ;
_c23 cm.
650 0 _aContabilidad de costos
_943739
700 1 _aRuswinckel, John W.
_eed.
_943740
700 1 _aContro Malo, Francisco.
_etr.
_943741
049 _aBNGR
999 _c20369
_d20369